La era del vacío. Ensayos sobre el individualismo contemporáneo.
Guardat en:
| Autor principal: | |
|---|---|
| Altres autors: | |
| Format: | Llibre |
| Publicat: |
Barcelona, España:
Anagrama,
2012.
|
| Edició: | Undécima edición. |
| Col·lecció: | Compactos ;
|
| Matèries: | |
| Etiquetes: |
Afegir etiqueta
Sense etiquetes, Sigues el primer a etiquetar aquest registre!
|
MARC
| LEADER | 00000nam a22000007a 4500 | ||
|---|---|---|---|
| 003 | CL-VaPUC | ||
| 005 | 20250321101940.0 | ||
| 008 | 250131t2012 ||||| |||| 00| 0 eng d | ||
| 999 | |c 446977 |d 446975 | ||
| 020 | |a 9788433967558 | ||
| 040 | |c Pontificia Universidad Católica de Valparaíso | ||
| 082 | 0 | 4 | |a 141.4 LIP 2012 |2 21 |
| 100 | |a Lipovetsky, Gilles |e autor |9 579825 | ||
| 245 | 1 | 3 | |a La era del vacío. |b Ensayos sobre el individualismo contemporáneo. |
| 250 | |a Undécima edición. | ||
| 260 | |a Barcelona, España: |b Anagrama, |c 2012. | ||
| 300 | |a 220 páginas. | ||
| 490 | 0 | |a Compactos ; |n 324. | |
| 500 | |a c.1.Instituto Arcos 8-1-2025. | ||
| 583 | |a last modification |c 20130516 12:51:04 |k GC | ||
| 650 | 0 | |a Individualismo |9 313336 | |
| 700 | |a Vinyoli, Joan |9 865749 |e traducción | ||
| 942 | |c BK |2 ddc |n 0 | ||
| 952 | |0 0 |1 0 |2 ddc |4 0 |6 141_400000000000000_LIP_2012 |7 0 |8 A |9 600289 |a BIBINC |b BIBINC |d 2025-01-31 |e Instituto Arcos |i 5665221 |o 141.4 LIP 2012 |p 5665221 |r 2025-01-31 |t 1 |w 2025-01-31 |y BK |k IFP | ||